| 000 | 01464nam a2200241 a 4500 | ||
|---|---|---|---|
| 001 | BRCA_8969 | ||
| 005 | 20190320210456.0 | ||
| 008 | 060717s1777----it-#######---#000-0#lat-# | ||
| 041 | _alat | ||
| 044 | _ait | ||
| 084 |
_aCO34 _b.F47 1777 |
||
| 100 | 1 |
_aFerraris, Lucius _d1763 _922273 |
|
| 245 | 1 | 0 | _aAdm. Rev. P. F. Lucii Ferraris prompta biblioteca canonica, jurídica, moralis, theologica nec non ascética, polémica, rubricistica, histórica. |
| 260 |
_aVenetiis _bApud Gasparem Storti _c1777 |
||
| 300 |
_aXXIV, 708 p. (t.8) _c24.5 x 19.5 cm |
||
| 500 | _aSuperiorum permissu, ac Privilegio | ||
| 500 | _aEn portada: De Principalioribus, et fere Omnibus, que in dies occurrunt nec penes omnes facilem, ac prompte reperiri possunt, ex utroque jure, pontificiis constitutionibus, conciliis, sacrarum congregationum decretis, sacrae romanae rotae decisionibus, ac probatissimis et selectissimis auctoribus. Accurt collecta, adaucta, in unum redacta, & ordine alphabetico congesta, ac in octo tomos distributa. Editio novissima caeteris ómnibus castigatior, et locupletior, adjecto nunc primum Indice Meteriarum absolutissimo | ||
| 500 | _aEstado físico: presentan encuadernación en pergamino y con cintas rotas | ||
| 505 | 0 | _aTomus octavus complectens decreta, et resolutiones sacrar, congr. nec non indicem generalem (otius) operis | |
| 650 | 1 | 4 |
_aIglesia católica _vdiccionario _yObras anteriores a 1800 _922274 |
| 902 | _aCFM | ||
| 942 |
_2lcc _cB |
||
| 999 |
_c8620 _d8620 |
||